LEADER 01960nam0 22004453i 450 001 SBL0319064 005 20251003044352.0 020 $aIT$b802263 100 $a19940602d1979 ||||0itac50 ba 101 | $aita 102 $ait 181 1$6z01$ai $bxxxe 182 1$6z01$an 183 1$6z01$anc$2RDAcarrier 200 1 $aCitta e territorio$edistribuzione e crescita urbana in Italia$eanalisi metodologica$fNedim R. Vlora 210 $aBologna$cPatron$d1979 215 $a183 p.$cill.$d22 cm. 225 | $aGeografia e organizzazione dello sviluppo territoriale$v1 410 0$1001CFI0020264$12001 $aGeografia e organizzazione dello sviluppo territoriale$v1 606 $aCittą$xSociologia$2FIR$3CFIC021457$9E 606 $aGeografia urbana$2FIR$3CFIC023701$9E 676 $a301.36$9$v18 676 $a307.1216$9COMUNITA. PIANIFICAZIONE. Comunita  urbane$v23 676 $a307.76$9COMUNITA' URBANE.$v22 676 $a307.760945$9$v21 676 $a307.760945$9Comunita urbane. Italia$v22 696 $aAspetti sociali$aAspetti socio-culturali 699 $aSociologia$zAspetti sociali 699 $aSociologia$zAspetti socio-culturali 700 1$aVlora$b, Nedim R.$3VIAV092852$4070$0533393 790 1$aVlora$b, Nedim Q.$3CFIV214382$zVlora, Nedim R. 790 1$aVlora$b, Nedim$3CFIV240176$zVlora, Nedim R. 801 3$aIT$bIT-000000$c19940602 850 $aIT-BN0095 901 $bNAP 01$cPOZZO LIB.$nVi sono collocati fondi di economia, periodici di ingegneria e scienze, periodici di economia e statistica e altri fondi comprendenti documenti di economia pervenuti in dono. 912 $aSBL0319064 950 0$aBiblioteca Centralizzata di Ateneo$c1 v.$d 01POZZO LIB.F. LANGELLA 154$e 0101 0600183915E VMA 1 v. (Precedente collocazione LG 260)$fB $h20221011$i20221011 977 $a 01 996 $aCitta e territorio$9864725 997 $aUNISANNIO